000
00239nam a2200097Ia 4500
001
734262
005
20250826163830.0
008
250824s9999 xx 000 0 und d
245
0
_a
AYKIRI OYUNCAKLAR
_c
EKREM GÜNEŞ
260
_b
TUDEM YAYINLARI
999
_c
734262
_d
734262